000 00458pab a2200157 454500
008 180718b2000 xxu||||| |||| 00| 0 eng d
100 _aPrasad, Purendra
245 _aHealth care access and marginalised social spaces: leptospirosis in South Gujarat
260 _c2000
300 _ap.3688-694
362 _a7 Oct
650 _aHealth services - India - Gujarat
650 _aHealth services
773 _aEconomic and Political Weekly
909 _a46526
999 _c46526
_d46526